Principles of Corporate Finance (Record no. 6771)

MARC details
005 - DATE AND TIME OF LATEST TRANSACTION
control field 20250819072158.0
020 ## - INTERNATIONAL STANDARD BOOK NUMBER
International Standard Book Number 978-1-265-08758-6
082 ## - DEWEY DECIMAL CLASSIFICATION NUMBER
Classification number 658.15 BRE
100 ## - MAIN ENTRY--PERSONAL NAME
Author name BREALEY, R. A.
245 ## - TITLE STATEMENT
Title Principles of Corporate Finance
260 ## - PUBLICATION, DISTRIBUTION, ETC.
Place of publication, distribution, etc. United States of America
Name of publisher, distributor, etc. McGraw Hill
Date of publication, distribution, etc. 2025
300 ## - PHYSICAL DESCRIPTION
Extent xxx, 1156p.: ill
Other physical details Glossary, Index
Dimensions 25cm
700 ## - ADDED ENTRY--PERSONAL NAME
Other authors/Editors Stewart C. Myers...{et al}
942 ## - ADDED ENTRY ELEMENTS (KOHA)
Source of classification or shelving scheme Dewey Decimal Classification
Koha item type Books
Holdings
Date last seen Total checkouts Full call number Barcode Price effective from Koha item type Lost status Source of classification or shelving scheme Damaged status Not for loan Withdrawn status Home library Current library Shelving location Date acquired Source of acquisition
08/18/2025   658.15 BRE MZA0003899 08/18/2025 Books   Dewey Decimal Classification       CBE Mwanza CBE Mwanza General Collection 08/14/2025 Library Budget
08/18/2025   658.15 BRE MZA0003900 08/18/2025 Books   Dewey Decimal Classification       CBE Mwanza CBE Mwanza General Collection 08/14/2025 Library Budget
08/18/2025   658.15 BRE MZA0003901 08/18/2025 Books   Dewey Decimal Classification       CBE Mwanza CBE Mwanza General Collection 08/14/2025 Library Budget
08/18/2025   658.15 BRE MZA0003902 08/18/2025 Books   Dewey Decimal Classification       CBE Mwanza CBE Mwanza General Collection 08/14/2025 Library Budget
08/18/2025   658.15 BRE MZA0003903 08/18/2025 Books   Dewey Decimal Classification       CBE Mwanza CBE Mwanza General Collection 08/14/2025 Library Budget